000
00310nam a2200133Ia 4500
008
240624s9999 xx 000 0 und d
041
_a
eng
082
_a
519.5 KAN
100
_a
KANJI GOPAL K
245
_a
100 STATISTICAL TESTS
250
_a
(3rd ed.)
260
_c
2006
_a
New Delhi
_b
sage
365
_c
BPS
_b
32
999
_c
29850
_d
29850